Učitavanje...
Operation research
| Glavni autor: | |
|---|---|
| Format: | Printed Book |
| Jezik: | Undetermined English |
| Izdano: |
Meerut
Kedar Natha Ram Nath and Co
1996
|
| Teme: |
| LEADER | 00781nam a2200229Ia 4500 | ||
|---|---|---|---|
| 008 | 140306s9999 xx 000 0 und d | ||
| 041 | |a eng | ||
| 082 | |a 003 |b SHA/OP | ||
| 100 | |a Sharma, S D | ||
| 245 | |a Operation research | ||
| 260 | |a Meerut |b Kedar Natha Ram Nath and Co |c 1996 | ||
| 300 | |a 559 | ||
| 365 | |b Rs.200 | ||
| 650 | |a Dynamic programming | ||
| 650 | |a Linear programming | ||
| 650 | |a Probability | ||
| 650 | |a Quantitative techniques | ||
| 650 | |a Queveing theory | ||
| 942 | |2 ddc |c BK | ||
| 999 | |c 182728 |d 182728 | ||
| 952 | |0 0 |1 0 |2 ddc |4 0 |6 003_000000000000000_SHA_OP |7 0 |9 188459 |a KAUCBV |b KAUCBV |g 200.00 |o 003 SHA/OP |r 2014-03-22 |w 2014-03-22 |y BK | ||
| 952 | |0 0 |1 0 |2 ddc |4 0 |6 003_000000000000000_SHA_OP |7 0 |9 188460 |a KAUCBV |b KAUCBV |g 200.00 |o 003 SHA/OP |r 2014-03-22 |w 2014-03-22 |y BK | ||